00413nam a2200157Ia 45000010006000000050017000060080041000230410008000640820017000721000029000892450076001182600009001943000036002036500008002396540008002471360420260306164813.0260306t2009||||xx |||||||||||||| ||spa|| aESP a005.1bCH574 aChrissis, Mary BetheAUT 0aCMMI. Guía para la integración de procesos y la mejora de productos c2009 axxxvii, 664 páginas :c25 cm. aGEN aCCC